000
00255nam a2200097Ia 4500
001
696132
005
20250826162007.0
008
250824s9999 xx 000 0 und d
245
0
_a
YASEMİNLER TÜTERMİ HALA/A.ALATLI/EVEREST
_c
ALEV ALATLI
260
_b
EVEREST
999
_c
696132
_d
696132